000 00912nam a2200253Ia 4500
003 OSt
005 20221005113416.0
006 a|||||r|||| 00| 0
007 ta
008 221004b |||||||| |||| 00| 0 pan d
020 _a9788178839394 (hbk)
_c175
024 _a2101
037 _b175, 18/12/2012, Orange Books International
_cTextual
040 _aCRL
_cCRL
_bpan
041 _2pan
_apan
082 _aO153,6(U8)x, Q2
100 _aਹੁੰਦਲ, ਹਾਕਮ ਸਿੰਘ
245 0 _aਚੀਨ ਦੀਆਂ ਅਭੁੱਲ ਯਾਦਾਂ
260 _aਲੁਧਿਆਣਾ
_bਚੇਤਨਾ ਪ੍ਰਕਾFਨ ਭਾਰਤ
_c2012
300 _a119ਪੰ
_ccm.
650 _aਪੰਜਾਬੀ ਸਾਹਿਤ
942 _hO153,6(U8)x, Q2
_cTEXL
_2cc
999 _c1028094
_d1028094